ბათუმის შოთა რუსთაველის სახელმწიფო უნივერსიტეტის ბიბლიოთეკა

ბუღალტრული აღრიცხვა : №6(210). ივნისი. 2014. (ბიბ.ჩანაწერი № 43879)

000 -LEADER
fixed length control field 01093nam a2200217Ia 4500
001 - CONTROL NUMBER
control field 10628
003 - CONTROL NUMBER IDENTIFIER
control field GE_BSU
008 - FIXED-LENGTH DATA ELEMENTS--GENERAL INFORMATION
fixed length control field 181216s||||||||xx |||||||||||||| ||und||
020 ## - INTERNATIONAL STANDARD BOOK NUMBER
International Standard Book Number 1512–0805
040 ## - CATALOGING SOURCE
Transcribing agency GE_BSU
245 ## - TITLE STATEMENT
Title ბუღალტრული აღრიცხვა : №6(210). ივნისი. 2014.
245 ## - TITLE STATEMENT
Remainder of title საქართველოს პროფესიონალ ბუღალტერთა და აუდიტორთა ფედერაცია.
245 ## - TITLE STATEMENT
Statement of responsibility, etc. მთავარი რედაქტორი: ლავრენტი ჭუმბურიძე.გამოც.რედ:მანანა გველესიანი.
260 ## - PUBLICATION, DISTRIBUTION, ETC.
Place of publication, distribution, etc. თბილისი
260 ## - PUBLICATION, DISTRIBUTION, ETC.
Date of publication, distribution, etc. 2014.
300 ## - PHYSICAL DESCRIPTION
Extent 64გვ;29სმ.
653 ## - INDEX TERM--UNCONTROLLED
Uncontrolled term ბუღალტრული აღრიცხვა.
653 ## - INDEX TERM--UNCONTROLLED
Uncontrolled term პერიოდიკა
653 ## - INDEX TERM--UNCONTROLLED
Uncontrolled term საქართველოს პროფესიონალ ბუღალტერთა და აუდიტორთა ფედერაცია.
942 ## - ADDED ENTRY ELEMENTS (KOHA)
Koha item type პერიოდიკა
ეგზემპლარები
Withdrawn status Lost status Damaged status Not for loan Date acquired Barcode Date last seen Price effective from Koha item type
        2018-12-17 p76336 2018-12-17 2018-12-17 პერიოდიკა